00186nam a2200073Ia 4500082001200000245002300012100003600035008004100071 aAF SMIT 0an Hand vol sterre  a SMITH, Bets Pretoria, 2010 210817s9999 xx 000 0 und d